书目信息 |
| 题名: |
一句话反败为胜
|
|
| 作者: | 迈克尔, , 佘新 著 | |
| 分册: | ||
| 出版信息: | 南京 东南大学出版社 2006.08 |
|
| 页数: | 200页 | |
| 开本: | 23cm | |
| 丛书名: | 致富馆丛书 | |
| 单 册: | ||
| 中图分类: | F279.1 | |
| 科图分类: | ||
| 主题词: | 企业管理--qi ye guan li--经验--世界 | |
| 电子资源: | ||
| ISBN: | 7-5641-0407-4 | |
| 000 | 01007nam 2200277 450 | |
| 001 | 012009127218 | |
| 005 | 20091011164347.39 | |
| 010 | @a7-5641-0407-4@dCNY17.50 | |
| 100 | @a20091011d2006 em y0chiy0120 ea | |
| 101 | 1 | @achi@ceng |
| 102 | @aCN@b320000 | |
| 105 | @ay z 000yy | |
| 106 | @ar | |
| 200 | 1 | @a一句话反败为胜@Ayi ju hua fan bai wei sheng@e全球大企业家的成功方略@f(美) 汤姆森·迈克尔, 佘新编@F(mei)tang mu sen·mai ke er,she xin bian |
| 210 | @a南京@c东南大学出版社@d2006.08 | |
| 215 | @a200页@d23cm | |
| 225 | 2 | @a致富馆丛书@Azhi fu guan cong shu |
| 330 | @a本书收集全球100位大企业家走出经营困境、达成事业成功的名言,让读者领悟成功者的诀窍。 | |
| 410 | 0 | @12001 @a致富馆丛书 |
| 517 | 1 | @a全球大企业家的成功方略@Aquan qiu da qi ye jia de cheng gong fang lue |
| 606 | 0 | @a企业管理@Aqi ye guan li@x经验@y世界 |
| 690 | @aF279.1@v4 | |
| 701 | 1 | @a迈克尔,@Amai ke er@b汤姆森@4著 |
| 701 | 0 | @a佘新@Ashe xin@4编 |
| 801 | 0 | @aCN@bQSSK@c20091011 |
| 905 | @b761241-43@dF279.1@eM268@f3 | |
| 一句话反败为胜:全球大企业家的成功方略/(美) 汤姆森·迈克尔, 佘新编.-南京:东南大学出版社,2006.08 |
| 200页;23cm.-(致富馆丛书) |
| ISBN 7-5641-0407-4:CNY17.50 |
| 本书收集全球100位大企业家走出经营困境、达成事业成功的名言,让读者领悟成功者的诀窍。 |
| ● |
| 相关链接 |
|
|
|
正题名:一句话反败为胜
索取号:F279.1/M268
 
预约/预借
| 序号 | 登录号 | 条形码 | 馆藏地/架位号 | 状态 | 备注 |
| 1 | 761241 | 207612412 | 社科库409/409社科库 97排2列2层/ [索取号:F279.1/M268] | 在馆 | |
| 2 | 761242 | 207612421 | 社科库409/409社科库 97排2列2层/ [索取号:F279.1/M268] | 在馆 | |
| 3 | 761243 | 207612430 | 社科库409/409社科库 97排2列2层/ [索取号:F279.1/M268] | 在馆 |